| 000 | 00791nam a2200253Ia 4500 | ||
|---|---|---|---|
| 003 | GCL | ||
| 008 | 140319s9999 xx 000 0 ara d | ||
| 040 |
_aGCL / _cGCL |
||
| 082 | 0 | 4 |
_a251.1 _bى م |
| 100 | 1 | _aياسين محمد يحيى | |
| 245 | 1 | 0 |
_aالمجتمع الاسلامى فى ضوء فقه الكتاب والسنة / _cياسين محمد يحيى |
| 260 |
_aالقاهرة : _bمنشاة المعارف الاسلامية |
||
| 300 |
_a296 ص ؛ _c24 سم |
||
| 490 | _a | ||
| 650 | 0 | 4 | _aالطلاق |
| 650 | 0 | 4 | _aالاحوال الشخصية |
| 650 | 0 | 4 | _aالزواج |
| 650 | 0 | 4 | _aالقانون المدنى |
| 650 | 0 | 4 | _aالفقه الاسلامى |
| 650 | 0 | 4 | _aالزنا |
| 650 | 0 | 4 | _aالقذف |
| 650 | 0 | 4 | _aفقه القرأن |
| 942 |
_2ddc _cBK |
||
| 999 |
_c54778 _d54778 |
||